[Poisťovníctvo: Teória a prax. - Teorie a praxe pojišťovníctví]
Recenzia na prvú spoločnú československú monografiu, v ktorej je komplexne spracovaná problematika poisťovníctva tak z pohľadu teórie poistenia, ako aj z pohľadu aktuálnych problémov českého a slovenského poistného trhu v procese vytvárania spoločného trhu EÚ.
Salvato in:
| Autore principale: | |
|---|---|
| Natura: | Capitolo di libro |
| Lingua: | slovacco |
| Soggetti: | |
| Tags: |
Nessun Tag, puoi essere il primo ad aggiungerne!!
|
MARC
| LEADER | 00000naa$a2200000$$$4500 | ||
|---|---|---|---|
| 001 | 0057464 | ||
| 005 | 20231102111200.7 | ||
| 041 | 0 | |a slo | |
| 044 | |a SK | ||
| 245 | 1 | 0 | |a [Poisťovníctvo: Teória a prax. - Teorie a praxe pojišťovníctví] |c Katarína Polavková |
| 520 | |a Recenzia na prvú spoločnú československú monografiu, v ktorej je komplexne spracovaná problematika poisťovníctva tak z pohľadu teórie poistenia, ako aj z pohľadu aktuálnych problémov českého a slovenského poistného trhu v procese vytvárania spoločného trhu EÚ. | ||
| 610 | 2 | 0 | |a Česko |
| 610 | 2 | 0 | |a recenzie |
| 610 | 2 | 0 | |a Slovensko |
| 610 | 2 | 0 | |a poisťovníctvo |
| 610 | 2 | 0 | |a trh poistný |
| 100 | 1 | |a Polavková, Katarína | |